25 Most Populous Cities in Canada - Statistics

General Stats
  • This quiz has been taken 62 times
  • The average score is 16 of 25
Answer Stats
Rank City Population Province Growth rate 2016-2021 (%) % Correct
1 Toronto 2,794,356 Ontario 2.3%
100%
8 Vancouver 662,248 British Columbia 4.9%
100%
2 Montréal 1,762,949 Quebec 3.4%
98%
4 Ottawa 1,017,449 Ontario 8.9%
96%
5 Edmonton 1,010,899 Alberta 8.3%
92%
12 Quebec City 549,459 Quebec 3.3%
92%
3 Calgary 1,306,784 Alberta 5.5%
91%
6 Winnipeg 749,607 Manitoba 6.3%
87%
24 Regina 226,404 Saskatchewan 5.3%
83%
13 Halifax 439,819 Nova Scotia 9.1%
77%
19 Saskatoon 266,141 Saskatchewan 7.7%
74%
15 London 422,324 Ontario 10.0%
70%
10 Hamilton 569,353 Ontario 6.0%
68%
7 Mississauga 717,961 Ontario -0.5%
62%
11 Surrey 568,322 British Columbia 9.7%
49%
23 Windsor 229,660 Ontario 5.7%
47%
9 Brampton 656,480 Ontario 10.6%
43%
20 Kitchener 256,885 Ontario 10.1%
42%
14 Laval 438,366 Quebec 3.6%
42%
16 Markham 338,503 Ontario 2.9%
36%
18 Gatineau 291,041 Quebec 5.4%
34%
22 Burnaby 249,125 British Columbia 7.0%
30%
17 Vaughan 323,103 Ontario 5.5%
26%
21 Longueuil 254,483 Quebec 6.1%
19%
25 Oakville 213,759 Ontario 10.3%
19%
No matching quizzes found
Score Distribution
Percent of People with Each Score
Percentile by Number Answered
Your Score History
You have not taken this quiz